000 00342nam a2200145Ia 4500
008 221030s9999 xx 000 0 und d
041 _aEnglish
082 _a105.23
_bGup
100 _aM. L. Gupta
245 0 _aEconomics For Engineering
260 _bAbhishek Pub
_aNew Delhi
_c1997
300 _a178
650 _aBE Economics
942 _cBK
999 _c7378
_d7378